01494cam a22003371a 4500001001300000003000400013005001700017008004100034010001700075035002000092040005500112042001200167050002700179051001500206100004700221245005900268260003300327300002000360490007900380500007100459501021400530504004100744530006900785530006900854650002400923650002400947830006600971856005101037856005101088999001701139e 20000303 DLC20260227111211.0860723s1919 dcu f000 0 eng c ae 20000303  a(OCoLC)13919873 aLibrary, U.S. Office of EducationcABAUdABAUdDLC apremarc00aL111b.A6 1919, no. 54 aLA672b.P41 aPearson, P. H.q(Peter Henry),d1864-1940.14aThe schools of Austria-Hungary /cby Peter H. Pearson. aWashington :bG.P.O.,c1919. a31 p. ;c23 cm.1 aBulletin / Department of the Interior, Bureau of Education ;v1919, no. 54 a"Advance sheets from the Biennial survey of education, 1916-1918." aCopies 1 and 2 of L111.A6 with: Application of commercial advertising methods to university extension / Mary Burchard Orvis. Washington : Govt. Print. Off., 1919. Bound together subsequent to publication.5DLC aIncludes bibliographical references. aAlso available in digital form on the Internet Archive Web site. aAlso available in digital form on the Internet Archive Web site. 0aEducationzAustria. 0aEducationzHungary. 0aBulletin (United States. Bureau of Education) ;v1919, no. 5441uhttp://hdl.loc.gov/loc.gdc/scd0001.0021502489141uhttp://hdl.loc.gov/loc.gdc/scd0001.00215024891 c20356d20356